00923naa#a2200169#i#4500001001600000005001700016011001400033100004100047102000700088200033500095210011900430215001000549608004500559675007300604700005200677856002400729RU\\bibl\12200120260501184605.5##a2658-638X##a20260319b2026####ek#y0rusy0150####ca##aRU1#aСМЕШАННОЕ ПЕРЕДВИЖЕНИЕ НА ЗАНЯТИЯХ ФИЗИЧЕСКОЙ ПОДГОТОВКОЙ КАК СРЕДСТВО РАЗВИТИЯ ФУНКЦИОНАЛЬНЫХ ВОЗМОЖНОСТЕЙ КУРСАНТОВ ОБРАЗОВАТЕЛЬНЫХ УЧРЕЖДЕНИЙ МВД РОССИИeЖурнальная статья1#aМоскваcМосковский университет МВД России имени В.Я. Кикотяd2026##a2 с.##aЖурнальная статья2local##aДемография. Социология. Статистика. 31#1aХромовgВадим Анатольевич4#amosumvd.editorum.ru